| 000 | 00426nam a2200145 i 4500 | ||
|---|---|---|---|
| 001 | 88649 | ||
| 003 | ES-MaACL | ||
| 005 | 20230906175910.0 | ||
| 007 | t| | ||
| 008 | 050105s1977 cc ||||1| eng d | ||
| 245 | 0 | 4 | _aThe Land Reform Program implemented in the Republic of China. |
| 260 |
_a[S.l.] : _bAsian People's Anticommunist League, _c1977. |
||
| 300 |
_a75 p., 3 lám. ; _c18 cm. |
||
| 852 |
_aES-MaACL _jA-7476 _bR.96359 |
||
| 999 |
_c88649 _d88649 |
||